Gaming Quiz

Random Gaming or Blitz Quiz
Score 0/9 Timer 01:30
5 Plays Today
% Correct
Forest of Illusion
87.8%
Star World
84.4%
Special World
83.2%
Twin Bridges
80.5%
Valley of Bowser
79.9%
Chocolate Island
78.8%
Yoshi's Island
76.4%
Vanilla Dome
68.4%
Donut Plains
63.9%

You're not logged in!

Compare scores with friends on all Sporcle quizzes.
OR
Log In

Sporcle TV

Today on Sporcle TV


Watch our educational content, quiz creation guides, and fun videos on Sporcle TV.

Show Comments

Extras

Top Quizzes Today


Score Distribution

Paid Content

Your Account Isn't Verified!

In order to create a playlist on Sporcle, you need to verify the email address you used during registration. Go to your Sporcle Settings to finish the process.

Report this User

Report this user for behavior that violates our Community Guidelines.

Details: